Pick a pet / (Record no. 9195)

MARC details
000 -LEADER
fixed length control field 01363nam a22002657a 4500
001 - CONTROL NUMBER
control field 9195
003 - CONTROL NUMBER IDENTIFIER
control field FISKH
005 - DATE AND TIME OF LATEST TRANSACTION
control field 20251128101019.0
008 - FIXED-LENGTH DATA ELEMENTS--GENERAL INFORMATION
fixed length control field 251128b cb ||||| |||| 00| 0 eng d
020 ## - INTERNATIONAL STANDARD BOOK NUMBER
International Standard Book Number 9780026743136
040 ## - CATALOGING SOURCE
Original cataloging agency FISKH
Language of cataloging eng
Transcribing agency FISKH
Modifying agency FISKH
082 ## - DEWEY DECIMAL CLASSIFICATION NUMBER
Classification number 636.088
100 ## - MAIN ENTRY--PERSONAL NAME
Personal name Michael, Meg
245 ## - TITLE STATEMENT
Title Pick a pet /
Statement of responsibility, etc. by Meg Michael ; illustrated by Susanne DeMarco
260 ## - PUBLICATION, DISTRIBUTION, ETC.
Place of publication, distribution, etc. Columbus :
Name of publisher, distributor, etc. Sra MaGrw-Hill,
Date of publication, distribution, etc. 1998.
300 ## - PHYSICAL DESCRIPTION
Extent 16 pages :
Other physical details color illustrations ;
Dimensions 23 cm
505 ## - FORMATTED CONTENTS NOTE
Formatted contents note E<br/>
520 ## - SUMMARY, ETC.
Summary, etc. In Pick a Pet, a boy named Derek visits an animal shelter. <br/>Core Docs<br/>+2<br/>amazon.com<br/>+2<br/><br/>As Derek walks through the shelter, he sees many animals — pets of different kinds (cats, dogs, birds, maybe other small animals) — and hears the sounds they make. <br/>Core Docs<br/>+1<br/><br/>The story invites the reader to imagine: Which animal would make the best pet? It encourages students to think about what makes a good pet (behavior, sounds, personality) and to consider carefully when choosing a pet. <br/>Core Docs<br/><br/>At the end, there is a suggestion that Derek might choose an animal to bring home (though the book leaves it open for imagination).
521 8# - TARGET AUDIENCE NOTE
Target audience note 280<br/><br/>
Source Lexile estimate<br/>
521 8# - TARGET AUDIENCE NOTE
Target audience note E<br/>
Source Raz-Plus<br/>
650 ## - SUBJECT ADDED ENTRY--TOPICAL TERM
Topical term or geographic name entry element Zambia
700 ## - ADDED ENTRY--PERSONAL NAME
Personal name DeMarco, Susanne
Relator term illustrator
942 ## - ADDED ENTRY ELEMENTS (KOHA)
Source of classification or shelving scheme Dewey Decimal Classification
Koha item type Books
Suppress in OPAC No
Holdings
Withdrawn status Lost status Source of classification or shelving scheme Damaged status Not for loan Collection Home library Current library Shelving location Date acquired Total Checkouts Full call number Barcode Date last seen Copy number Price effective from Koha item type
    Dewey Decimal Classification     Juvenile Fiction Footprints International School Library Network Toul Tom Poung Campus Footprints International School Library Network Toul Tom Poung Campus TTP Primary Green Bookshelves 11/28/2025   MIC 636.088 2025-4990 11/28/2025 1 11/28/2025 Books